Top 25 best-selling 3DS games (2019) - Statistics

General Stats
  • This quiz has been taken 72 times
  • The average score is 8 of 25
Answer Stats
Copies Sold Game % Correct
18.47 Mil. Mario Kart 7
84%
12.60 Mil. Super Mario 3D Land
78%
13.27 Mil. New Super Mario Bros. 2
74%
16.42 Mil. Pokémon X and Y
74%
16.17 Mil. Pokémon Sun and Moon
70%
12.36 Mil. Animal Crossing: New Leaf
60%
14.23 Mil. Pokémon Omega Ruby and Alpha Sapphire
52%
8.57 Mil. Pokémon Ultra Sun and Ultra Moon
50%
2.51 Mil. The Legend of Zelda: A Link Between Worlds
46%
2.03 Mil. The Legend of Zelda: Majora's Mask 3D
44%
4 Million The Legend of Zelda: Ocarina of Time 3D
44%
5.45 Mil. Luigi's Mansion: Dark Moon
36%
9.54 Mil. Super Smash Bros. for Nintendo 3DS
24%
3.04 Mil. Animal Crossing: Happy Home Designer
22%
4.1 Mil. Monster Hunter 4
16%
2.21 Mil. Paper Mario: Sticker Star
16%
4.2 Mil. Monster Hunter 4 Ultimate
10%
3.96 Mil. Nintendogs + Cats
10%
4.3 Mil. Monster Hunter Generations
8%
2.6 Mil. Monster Hunter 3 Ultimate
4%
2.08 Mil. Mario & Luigi: Dream Team
2%
6.51 Mil. Tomadachi Life
2%
3.1 Mil. Yo-kai Watch 2: Bony Spirits and Fleshy Souls
0%
2.61 Mil. Yo-kai Watch 2: Psychic Specters
0%
2.2 Mil. Yo-kai Watch Blasters: Red Cat Corps and White Dog Squad
0%
No matching quizzes found
Score Distribution
Percent of People with Each Score
Percentile by Number Answered
Your Score History
You have not taken this quiz